|
|
|
|
| LEADER |
01707nam a2200409 i 4500 |
| 001 |
EBC5247089 |
| 003 |
MiAaPQ |
| 005 |
20200520144314.0 |
| 006 |
m o d | |
| 007 |
cr cnu|||||||| |
| 008 |
180529s2015 gw o 000 0 ger d |
| 020 |
|
|
|z 9783832539719
|
| 020 |
|
|
|a 9783832594848 (e-book)
|
| 035 |
|
|
|a (MiAaPQ)EBC5247089
|
| 035 |
|
|
|a (Au-PeEL)EBL5247089
|
| 035 |
|
|
|a (CaPaEBR)ebr11539818
|
| 035 |
|
|
|a (OCoLC)1021811239
|
| 040 |
|
|
|a MiAaPQ
|b eng
|e rda
|e pn
|c MiAaPQ
|d MiAaPQ
|
| 050 |
|
4 |
|a HD58.9
|b .M555 2015
|
| 082 |
0 |
|
|a 658.4013
|2 23
|
| 100 |
1 |
|
|a Milling, Marc,
|e author.
|
| 245 |
1 |
0 |
|a Strategische Steuerung von Drittmittelprojekten durch den Einsatz einer Balanced Scorecard /
|c Marc Milling.
|
| 264 |
|
1 |
|a Berlin :
|b Logos Verlag Berlin GmbH,
|c [2015]
|
| 264 |
|
4 |
|c 2015
|
| 300 |
|
|
|a 1 online resource (290 pages)
|
| 336 |
|
|
|a text
|b txt
|2 rdacontent
|
| 337 |
|
|
|a computer
|b c
|2 rdamedia
|
| 338 |
|
|
|a online resource
|b cr
|2 rdacarrier
|
| 588 |
|
|
|a Description based on print version record.
|
| 590 |
|
|
|a Electronic reproduction. Ann Arbor, MI : ProQuest, 2018. Available via World Wide Web. Access may be limited to ProQuest affiliated libraries.
|
| 650 |
|
0 |
|a Organizational effectiveness
|x Measurement.
|
| 650 |
|
0 |
|a Performance
|x Measurement.
|
| 650 |
|
0 |
|a Industrial productivity
|x Measurement.
|
| 655 |
|
4 |
|a Electronic books.
|
| 776 |
0 |
8 |
|i Print version:
|a Milling, Marc.
|t Strategische Steuerung von Drittmittelprojekten durch den Einsatz einer Balanced Scorecard.
|d Berlin : Logos Verlag Berlin GmbH, c2015
|h 290 pages
|z 9783832539719
|
| 797 |
2 |
|
|a ProQuest (Firm)
|
| 856 |
4 |
0 |
|u https://ebookcentral.proquest.com/lib/matrademy/detail.action?docID=5247089
|z Click to View
|